Statistics for Anaheim Ducks Roster

Click here to take the quiz!

General Stats

  • This quiz has been taken 16 times
    (8 since last reset)
  • The average score is 8 of 24

Answer Stats

PositionAnswer% Correct
CenterMason McTavish
100%
CenterTrevor Zegras
100%
DefensemanCam Fowler
67%
Left WingFrank Vatrano
67%
Left WingJakob Silfverberg
67%
GoaltenderJohn Gibson
67%
CenterLeo Carlsson
67%
DefensemanRadko Gudas
67%
CenterAlex Killorn
33%
GoaltenderLukáš Dostál
33%
DefensemanPavel Mintyukov
33%
CenterRyan Strome
33%
CenterTroy Terry
33%
DefensemanUrho Vaakanainen
33%
CenterBenoit-Olivier Groulx
0%
Right WingBrett Leason
0%
Left WingBrock McGinn
0%
DefensemanGustav Lindström
0%
CenterIsac Lundeström
0%
DefensemanJackson LaCombe
0%
Left WingMax Jones
0%
DefensemanOlen Zellweger
0%
Left WingRoss Johnston
0%
DefensemanWilliam Lagesson
0%

Score Distribution

Percentile by Number Answered

Percent of People with Each Score

Your Score History

You have not taken this quiz since the last reset